[Event "Natal Potiguar op 4th"]
[Site "Natal"]
[Date "2009.07.11"]
[Round "3"]
[White "Macedo, Maximo Valerio"]
[Black "Da Silva, Izael Brasilino Ara"]
[Result "1-0"]
[WhiteElo "2120"]
[BlackElo "1867"]
[PlyCount "69"]
[EventDate "2009.07.10"]
[EventType "swiss"]
[EventRounds "6"]
[EventCountry "BRA"]
[SourceTitle "EXT 2012"]
[Source "ChessBase"]
[SourceDate "2011.11.24"]
[SourceVersion "1"]
[SourceVersionDate "2011.11.24"]
[SourceQuality "1"]

1. e4 c5 2. Nf3 d6 3. d4 cxd4 4. Nxd4 Nf6 5. Nc3 e6 6. Be3 a6 7. a4 Be7 8. Be2 Nc6 9. 0-0 0-0 10. f4 Qc7 11. Kh1 Re8 12. Bg1 Nb4 13. a5 Bd7 14. Qd2 Bf8 15. Bf3 Rab8 16. Nb3 g6 17. Bb6 Qc8 18. Rad1 e5 19. fxe5 dxe5 20. Be2 Bg7 21. Rxf6 Bc6 22. Rff1 Qe6 23. Nd5 Bxd5 24. exd5 Nxd5 25. Qxd5 Qxd5 26. Rxd5 e4 27. c3 f5 28. Rd7 Bf6 29. Bc4+ Kh8 30. Rf7 Bg7 31. Rd1 Rbc8 32. Nc5 e3 33. Be2 h5 34. Rdd7 Rxc5 35. Bxc5 1-0